Trois mois d'enseignement aux Etats Unis / (Record no. 89476)

MARC details
000 -LEADER
campo de control de longitud fija 00502nam a2200169 i 4500
001 - NÚMERO DE CONTROL
campo de control 89476
003 - IDENTIFICADOR DE NÚMERO DE CONTROL
campo de control ES-MaACL
005 - FECHA Y HORA DE LA ÚLTIMA TRANSACCIÓN
campo de control 20250712063124.0
007 - CAMPO FIJO DE DESCRIPCIÓN FÍSICA--INFORMACIÓN GENERAL
campo de control de longitud fija t|
008 - DATOS DE LONGITUD FIJA--INFORMACIÓN GENERAL
campo de control de longitud fija 050111s1912 fr ||||1| fre d
100 1# - ENTRADA PRINCIPAL--NOMBRE DE PERSONA
Nombre de persona Lanson, Gustave,
Fechas asociadas al nombre 1857-1934
9 (RLIN) 70098
245 10 - MENCIÓN DEL TÍTULO
Título Trois mois d'enseignement aux Etats Unis /
Mención de responsabilidad, etc. Gustave Lanson.
260 ## - PUBLICACIÓN, DISTRIBUCIÓN, ETC.
Lugar de publicación, distribución, etc. París :
Nombre del editor, distribuidor, etc. [s.n.,
Fecha de publicación, distribución, etc. 1912] (
Lugar de fabricación/manufactura Evreux :
Fabricante Ch. Herissey)
300 ## - DESCRIPCIÓN FÍSICA
Extensión VII, 298 p. ;
Dimensiones 19 cm.
852 ## - LOCALIZACIÓN
Ubicación ES-MaACL
Número de control de estantería F-4183
Holdings
Estatus retirado Estado de pérdida Estado de daño No para préstamo Biblioteca de origen Biblioteca actual Ubicación en estantería Fecha de adquisición Fuente de adquisición Total de préstamos Signatura topográfica completa Código de barras Visto por última vez Precio de reemplazo Tipo de ítem Koha
        Biblioteca del Ateneo de Madrid Biblioteca del Ateneo de Madrid Depósito 2 17/01/2008     F-4183 1093446 23/02/2023 23/02/2023 Libro impreso